| 000 | 00993nam a2200277 a 4500 | ||
|---|---|---|---|
| 001 | 000017060 | ||
| 005 | 20241030103828.0 | ||
| 008 | 100317s2000 dr a 001 0 spa d | ||
| 020 | _a9993400238 | ||
| 040 |
_aDO-SdBNP _bspa _cBNPHU |
||
| 082 |
_a617.98 _bO87u |
||
| 100 | 1 |
_aOtero Cruz, Héctor _919641 |
|
| 245 | 1 | 0 |
_aUrgencias quirúrgicas abdominales en pediatría / _cHéctor Otero Cruz; edición Miguel Peralta García. |
| 260 |
_aSanto Domingo, _fIntermedio, _c2000. |
||
| 300 |
_a378 p. : _bil. ; _c27 cm. |
||
| 500 | _aIncluye datos biográficos del autor en la solapa de la cubierta. | ||
| 504 | _aBibliografía: p. 346-351. | ||
| 590 | _aInventariado,2018/DG | ||
| 650 | 4 |
_aUrgencias médicas _92343 |
|
| 650 | 0 |
_aPediatría _919620 |
|
| 650 | 4 |
_aAbdomen _xCirugía _937638 |
|
| 650 | 4 |
_aCirugía del abdomen _9167 |
|
| 650 | 4 |
_aProcedimientos quirúrgicos operativos _937639 |
|
| 700 | 1 |
_aPeralta García, Miguel, _eed. _937640 |
|
| 910 | _aValidado. Control de calidad EMS. | ||
| 999 |
_c16586 _d16586 |
||